Bible studies in the life of Paul: (Record no. 5184)

000 -LEADER
fixed length control field 00595nam a2200181 a 4500
001 - CONTROL NUMBER
control field :::00002925$&:&@@
003 - CONTROL NUMBER IDENTIFIER
control field OkBaRHE
005 - DATE AND TIME OF LATEST TRANSACTION
control field 20000607103258.0
008 - FIXED-LENGTH DATA ELEMENTS--GENERAL INFORMATION
fixed length control field s1935 j 000 0 eng u
040 ## - CATALOGING SOURCE
Transcribing agency
100 1# - MAIN ENTRY--PERSONAL NAME
Personal name Sell, Henry Thorne, 1854-1928.
245 10 - TITLE STATEMENT
Title Bible studies in the life of Paul:
Remainder of title historical and constructive.
260 ## - PUBLICATION, DISTRIBUTION, ETC. (IMPRINT)
Place of publication, distribution, etc New York, NY., :
Name of publisher, distributor, etc Fleming H. Revell Co.
Date of publication, distribution, etc 1935
300 ## - PHYSICAL DESCRIPTION
Extent 129 p. ;
Dimensions 17 cm.
650 ## - SUBJECT ADDED ENTRY--TOPICAL TERM
Topical term or geographic name as entry element Paul, Saint, apostle
942 ## - ADDED ENTRY ELEMENTS (KOHA)
Source of classification or shelving scheme
Koha item type Books
Copies
Damaged status Permanent Location Lost status Full call number Koha item type Date acquired Not for loan Price effective from Withdrawn status Barcode Copy number Shelving location Date last seen Source of classification or shelving scheme
 RHEMA Bible Training College BS 2505 .S46B5Books2010-04-14 2010-04-14 29251General Stacks2018-03-16